000 00922cab a2200265 4500
001 ABS51707
008 090401t1994 xxu||||| |||| 00| 0 eng d
035 _a(Sirsi) u40937
041 _aeng
100 _aGower, S.M.
245 _aScience parks in the UK: regional regenerators or just another form of property development?
260 _c1994
350 _a0
490 _aProperty Management
_v12(4) 1994, 24-33(10)
520 _aIllustrates the apparent success of science parks and highlights the characteristics which contribute to success and distinguish this form of development from other forms pf property development.
650 _aBUSINESS PARKS
650 _aPROPERTY DEVELOPMENT
650 _aPROPERTY PERFORMANCE
650 _aPUBLIC SECTOR INVESTMENT
650 _aSCIENCE PARKS
690 _aPROPERTY-COMMERCIAL PROPERTY
700 _aHarris, F.C.
942 _n0
948 _c04/03/1997
999 _c26254
_d26254